Dataset Open Access

Dataset - In situ X-ray studies reveal the nucleation and topotactic transformation of iron sulfide nanosheets

Klemeyer, Lars; Zito, Cecilia; Caddeo, Francesco; Jessen, Brian; Harouna-Mayer, Sani Y.; Lacroix, Lise-Marie; Langfeld, Malte; Gröne, Tjark L. R.; K. Kesavan, Jagadesh; Hsu, Chia-Shuo; Schwarz, Alexander; Dippel, Ann-Christin; Saldana, Fernando Igoa; Detlefs, Blanka; Koziej, Dorota


MARC21 XML Export

<?xml version='1.0' encoding='UTF-8'?>
<record xmlns="http://www.loc.gov/MARC21/slim">
  <leader>00000nmm##2200000uu#4500</leader>
  <datafield tag="520" ind1=" " ind2=" ">
    <subfield code="a">&lt;p&gt;Dataset&lt;/p&gt;</subfield>
  </datafield>
  <datafield tag="100" ind1=" " ind2=" ">
    <subfield code="a">Klemeyer, Lars</subfield>
    <subfield code="u">University of Hamburg, Institute for Nanostructure and Solid-State Physics, Center for Hybrid Nanostructures, Luruper Chaussee 149, 22761 Hamburg, Germany</subfield>
    <subfield code="0">(orcid)0000-0003-1103-8103</subfield>
  </datafield>
  <datafield tag="540" ind1=" " ind2=" ">
    <subfield code="u">https://creativecommons.org/licenses/by/4.0/legalcode</subfield>
    <subfield code="a">Creative Commons Attribution 4.0 International</subfield>
  </datafield>
  <datafield tag="650" ind1="1" ind2="7">
    <subfield code="a">cc-by</subfield>
    <subfield code="2">opendefinition.org</subfield>
  </datafield>
  <datafield tag="980" ind1=" " ind2=" ">
    <subfield code="a">dataset</subfield>
  </datafield>
  <controlfield tag="001">17911</controlfield>
  <datafield tag="856" ind1="4" ind2=" ">
    <subfield code="s">641587712</subfield>
    <subfield code="u">https://www.fdr.uni-hamburg.de/record/17911/files/Data repository Fe3S4.zip</subfield>
    <subfield code="z">md5:59043b2f7ed17154774e9f947767c101</subfield>
  </datafield>
  <datafield tag="773" ind1=" " ind2=" ">
    <subfield code="a">10.25592/uhhfdm.17910</subfield>
    <subfield code="i">isVersionOf</subfield>
    <subfield code="n">doi</subfield>
  </datafield>
  <datafield tag="024" ind1=" " ind2=" ">
    <subfield code="a">10.25592/uhhfdm.17911</subfield>
    <subfield code="2">doi</subfield>
  </datafield>
  <datafield tag="909" ind1="C" ind2="O">
    <subfield code="o">oai:fdr.uni-hamburg.de:17911</subfield>
    <subfield code="p">user-uhh</subfield>
  </datafield>
  <datafield tag="980" ind1=" " ind2=" ">
    <subfield code="a">user-uhh</subfield>
  </datafield>
  <datafield tag="245" ind1=" " ind2=" ">
    <subfield code="a">Dataset - In situ X-ray studies reveal the nucleation and topotactic transformation of iron sulfide nanosheets</subfield>
  </datafield>
  <datafield tag="260" ind1=" " ind2=" ">
    <subfield code="c">2025-09-01</subfield>
  </datafield>
  <datafield tag="700" ind1=" " ind2=" ">
    <subfield code="a">Zito, Cecilia</subfield>
    <subfield code="u">University of Hamburg, Institute for Nanostructure and Solid-State Physics, Center for Hybrid Nanostructures, Luruper Chaussee 149, 22761 Hamburg, Germany</subfield>
  </datafield>
  <datafield tag="700" ind1=" " ind2=" ">
    <subfield code="a">Caddeo, Francesco</subfield>
    <subfield code="u">University of Hamburg, Institute for Nanostructure and Solid-State Physics, Center for Hybrid Nanostructures, Luruper Chaussee 149, 22761 Hamburg, Germany</subfield>
  </datafield>
  <datafield tag="700" ind1=" " ind2=" ">
    <subfield code="a">Jessen, Brian</subfield>
    <subfield code="u">University of Hamburg, Institute for Nanostructure and Solid-State Physics, Center for Hybrid Nanostructures, Luruper Chaussee 149, 22761 Hamburg, Germany</subfield>
  </datafield>
  <datafield tag="700" ind1=" " ind2=" ">
    <subfield code="a">Harouna-Mayer, Sani Y.</subfield>
    <subfield code="u">University of Hamburg, Institute for Nanostructure and Solid-State Physics, Center for Hybrid Nanostructures, Luruper Chaussee 149, 22761 Hamburg, Germany</subfield>
  </datafield>
  <datafield tag="700" ind1=" " ind2=" ">
    <subfield code="a">Lacroix, Lise-Marie</subfield>
    <subfield code="u">Laboratoire de Physique et Chimie des Nano-Objets UMR 5215 INSA, CNRS, UPS, Université de Toulouse, 135 avenue de Rangueil, F-31077 Toulouse cedex 4, France</subfield>
  </datafield>
  <datafield tag="700" ind1=" " ind2=" ">
    <subfield code="a">Langfeld, Malte</subfield>
    <subfield code="u">University of Hamburg, Institute for Nanostructure and Solid-State Physics, Center for Hybrid Nanostructures, Luruper Chaussee 149, 22761 Hamburg, Germany</subfield>
  </datafield>
  <datafield tag="700" ind1=" " ind2=" ">
    <subfield code="a">Gröne, Tjark L. R.</subfield>
    <subfield code="u">University of Hamburg, Institute for Nanostructure and Solid-State Physics, Center for Hybrid Nanostructures, Luruper Chaussee 149, 22761 Hamburg, Germany</subfield>
  </datafield>
  <datafield tag="700" ind1=" " ind2=" ">
    <subfield code="a">K. Kesavan, Jagadesh</subfield>
    <subfield code="u">University of Hamburg, Institute for Nanostructure and Solid-State Physics, Center for Hybrid Nanostructures, Luruper Chaussee 149, 22761 Hamburg, Germany</subfield>
  </datafield>
  <datafield tag="700" ind1=" " ind2=" ">
    <subfield code="a">Hsu, Chia-Shuo</subfield>
    <subfield code="u">University of Hamburg, Institute for Nanostructure and Solid-State Physics, Center for Hybrid Nanostructures, Luruper Chaussee 149, 22761 Hamburg, Germany</subfield>
  </datafield>
  <datafield tag="700" ind1=" " ind2=" ">
    <subfield code="a">Schwarz, Alexander</subfield>
    <subfield code="u">University of Hamburg, Institute for Nanostructure and Solid-State Physics, Jungiusstraße 11a, 20355 Hamburg, Germany</subfield>
  </datafield>
  <datafield tag="700" ind1=" " ind2=" ">
    <subfield code="a">Dippel, Ann-Christin</subfield>
    <subfield code="u">Deutsches Elektronen-Synchrotron DESY, Notkestraße 85, 22607 Hamburg, Germany</subfield>
  </datafield>
  <datafield tag="700" ind1=" " ind2=" ">
    <subfield code="a">Saldana, Fernando Igoa</subfield>
    <subfield code="u">Deutsches Elektronen-Synchrotron DESY, Notkestraße 85, 22607 Hamburg, Germany</subfield>
  </datafield>
  <datafield tag="700" ind1=" " ind2=" ">
    <subfield code="a">Detlefs, Blanka</subfield>
    <subfield code="u">ESRF, The European Synchrotron Facility, 71 Avenue des Martyrs, CS40220, 38043 Grenoble Cedex 9, France</subfield>
  </datafield>
  <datafield tag="700" ind1=" " ind2=" ">
    <subfield code="a">Koziej, Dorota</subfield>
    <subfield code="u">University of Hamburg, Institute for Nanostructure and Solid-State Physics, Center for Hybrid Nanostructures, Luruper Chaussee 149, 22761 Hamburg, Germany</subfield>
  </datafield>
  <datafield tag="542" ind1=" " ind2=" ">
    <subfield code="l">open</subfield>
  </datafield>
  <datafield tag="536" ind1=" " ind2=" ">
    <subfield code="a">A platform to LINk between CHemistry and PhysIcs of colloidal Nanomaterials</subfield>
    <subfield code="c">818941</subfield>
  </datafield>
  <controlfield tag="005">20251125064527.0</controlfield>
</record>

Cite record as